| 000 | 01970nam a22002297a 4500 | ||
|---|---|---|---|
| 999 |
_c64140 _d64140 |
||
| 003 | Ge_BSU | ||
| 005 | 20260415172047.0 | ||
| 008 | 260415s2003 ge ||||| |||| 00| 0 geo d | ||
| 020 | _a9992854510 | ||
| 041 | _ageo | ||
| 080 | _a81'374.26:339=161.1=353.1 ნ-15 | ||
| 100 |
_aნადირაშვილი, გ. _927323 |
||
| 245 |
_aვაჭრობის ეკონომიკისა და საქონელმცოდნეობის ტერმინოლოგია = Терминология экономики торговли и товароведения : _bრუსულ-ქართული ნაწილი / _cსაქ. მეცნიერებათა აკადემია, არნ. ჩიქობავას სახ. ენათმეცნიერების ინსტიტუტი, ივ. ჯავახიშვილის სახ. თბილისის სახელმწ. უნივერსიტეტი; რედაქტორ-შემდგენლები: გ. ნადირაშვილი და რ. კრიჭინაშვილი. |
||
| 264 |
_aთბილისი : _bგანათლება, _c2003 |
||
| 300 |
_a385 გვ. ; _b 21 სმ. |
||
| 653 | _aვაჭრობის ეკონომიკა | ||
| 653 | _aლექსიკონები | ||
| 653 | _aსაქონელმცოდნეობა | ||
| 700 |
_aკრიჭინაშვილი, რ. _eშემდგენელი, რედაქტორი. _927324 |
||
| 710 |
_aსაქ. მეცნიერებათა აკადემია, _bარნ. ჩიქობავას სახ. ენათმეცნიერების ინსტიტუტი. ივ. ჯავახიშვილის სახ. თბილისის სახელმწ. უნივერსიტეტი. _927325 |
||
| 942 |
_2udc _cᲬᲘᲒᲜᲘ |
||